| 000 | 00711nam a22001457a 4500 | ||
|---|---|---|---|
| 999 |
_c520125 _d520125 |
||
| 008 | 220702b ||||| |||| 00| 0 eng d | ||
| 100 |
_aDadhick, Balendu Sharma _931805 |
||
| 245 | _aDecoding modern tech terms | ||
| 260 | _aYojana | ||
| 300 | _a66(6), Jun, 2022: p.7-9 | ||
| 520 | _aThis is the era of path-breaking innovation invention, and products showcasing the use of technology. These products startle us with their capabilities and possibilities. While artificial intelligence. Quantum, cloud computing, and blockchain were making a mark till recently, NFTs and met averse are added to he list of these buzzwords. – Reproduced | ||
| 773 | _aYojana | ||
| 906 | _aINNOVATIONS | ||
| 942 | _cAR | ||